Statistics for Super Mario Sunshine Episodes

Click here to take the quiz!

General Stats

  • This quiz has been taken 52 times
    (12 since last reset)
  • The average score is 15 of 56

Answer Stats

LevelEpisodeShine Sprite% Correct
Bianco Hills2Down With Petey Piranha!
63%
Noki Bay4Eely-Mouth’s Dentist
50%
Bianco Hills5Petey Piranha Strikes Back
50%
Bianco Hills1Road To The Big Windmill
50%
Bianco Hills3The Hillside Cave Secret
50%
Bianco Hills6The Secret Of The Dirty Lake
50%
Noki Bay1Uncork The Waterfall
50%
Ricco Harbor2Blooper Surfing Safari
38%
Ricco Harbor1Gooper Blooper Breaks Out
38%
Ricco Harbor5Gooper Blooper Returns
38%
Gelato Beach7It’s Shadow Mario! After Him!
38%
Sirena Beach5King Boo Down Below
38%
Gelato Beach2Mirror Madness! Tilt, Slam, Bam!
38%
Pianta Village6Piantas In Need
38%
Sirena Beach2The Hotel Lobby’s Secret
38%
Gelato Beach4The Sand Bird Is Born
38%
Ricco Harbor4The Secret Of Ricco Tower
38%
Pinna Park6The Yoshi-Go-Round’s Secret
38%
Pianta Village1Chain Chomplets Unchained
25%
Pianta Village8Fluff Festival Coin Hunt
25%
Pinna Park1Mecha-Bowser Appears!
25%
Sirena Beach3Mysterious Hotel Delfino
25%
Noki Bay3Red Coins In A Bottle
25%
Gelato Beach6Red Coins In The Coral Reef
25%
Bianco Hills4Red Coins Of Windmill Village
25%
Sirena Beach6Scrubbing Sirena Beach
25%
Pianta Village5Secret Of The Village Underside
25%
Sirena Beach7Shadow Mario Checks In
25%
Pinna Park7Shadow Mario In The Park
25%
Bianco Hills7Shadow Mario On The Loose
25%
Pianta Village7Shadow Mario Runs Wild
25%
Noki Bay2The Boss Of Tricky Ruins
25%
Pianta Village3The Goopy Inferno
25%
Sirena Beach1The Manta Storm
25%
Noki Bay8The Red Coin Fish
25%
Bianco Hills8The Red Coins Of The Lake
25%
Pinna Park5The Runaway Ferris Wheel
25%
Sirena Beach4The Secret Of Casino Delfino
25%
Noki Bay6The Shell’s Secret
25%
Gelato Beach8The Watermelon Festival
25%
Pinna Park4The Wilted Sunflowers
25%
Gelato Beach3Wiggler Ahoy! Full Steam Ahead!
25%
Ricco Harbor8Yoshi’s Fruit Adventure
25%
Pianta Village4Chain Chomp’s Bath
13%
Gelato Beach1Dune Bud Sand Castle Secret
13%
Sirena Beach8Red Coins In The Hotel
13%
Pinna Park3Red Coins Of The Pirate Ships
13%
Pinna Park8Roller Coaster Balloons
13%
Ricco Harbor7Shadow Mario Revisited
13%
Pinna Park2The Beach Cannon’s Secret
13%
Ricco Harbor3The Caged Shine Sprite
13%
Noki Bay7Hold It, Shadow Mario!
0%
Pianta Village2II Piantissimo’s Crazy Climb
0%
Gelato Beach5II Piantissimo’s Sand Sprint
0%
Noki Bay5II Piantissimo’s Surf Swim
0%
Ricco Harbor6Red Coins In The Water
0%

Score Distribution

Percentile by Number Answered

Percent of People with Each Score

Your Score History

You have not taken this quiz since the last reset